Дело по жалобе жены отставного поручика Настасьи Карповой на не доставление ей мужем её содержания

Доступно только в Электронных читальных залах Найти на картеНа карте
RUSMARC
00003712nmc2a22000003x 450
001064a5867-3b00-4a29-96d0-d82e9b71d4f2
00520200113172514.0
100##$a20180419l18551862k l0rusy0189 ca
1010#$arus
102##$aRU
2001#$aДело по жалобе жены отставного поручика Настасьи Карповой на не доставление ей мужем её содержания
$j17 ноября 1855 г. - 8 августа 1862 г.
251##$cДело
300##$aДело
801#0$aRU
$bРГИА
$c20180419
$gRCR
801#1$aRU
$bГлавНИВЦ
$c20180419
$2rusmarc
801#2$aRU
$bПБ им. Б.Н. Ельцина
$c20200113
$gRCR
$2rusmarc
850##$aРГИА
852##$aРГИА
$eФедеральное казенное учреждение "Российский государственный исторический архив" (РГИА)
$j961
937##$hРГИА
$d12273935
$aASBIBLIO_SCAN
462#0$1001a155281c-31fd-4ebf-bc41-b17b201574d6
$12001
$aДела Департамента полиции исполнительной МВД за 1855 год
$1251
$cОпись
$1852
$j16
$l1855 г.
461#0$10013e300ed0-cd39-49af-8489-5ba5b90fa401
$12001
$aДепартамент полиции исполнительной МВД
$1251
$cФонд
$1852
$j1286
215##$a20 л.
$d36,5х26 см
371##$aДокумент не является опубликованным и широко распространяемым
105##$ay###
1222#$ad
035##$a064a5867-3b00-4a29-96d0-d82e9b71d4f2
856##$uhttp://readingroom.main.prlib.ru/item.aspx?id_node=n136865465&mode=full
Формат отображения